000 00747cam a2200253 a 4500
001 000009423
005 20200929161605.0
008 800731s2000 mx 001 j spa d
020 _a9681906713
035 _a(DLC) 80127744
040 _aDO-SdBNP
_bsps
_cDLC
_dBNPHU
082 _aU863.44
_bB462c
100 1 _aBenedetti, Mario,
_d1920-2009.
_911959
245 1 0 _aCon y sin nostalgia /
_cMario Benedetti.
260 _aMéxico :
_bAlfaguara,
_c2000.
300 _a164 p. ;
_c18 cm.
490 1 _aBiblioteca Mario Benedetti
650 4 _aCuentos uruguayos
_98971
650 4 _aLiteratura uruguaya
_ySIGLO XX
_916336
830 0 _aBiblioteca Mario Benedetti.
_924217
910 _aCatalogación por copia / LC
910 _aWM
049 _aBNGR
999 _c9183
_d9183